[Event "International Tournament"]
[Site "Thivon"]
[Date "2016.08.31"]
[Round "7.11"]
[White "Michelakos, Panagiotis"]
[Black "Sourgkounis, Angelos"]
[Result "1-0"]
[BlackElo "1892"]
[WhiteElo "2242"]
[LiveChessVersion "1.4.8"]

1. e4 c6 2. d4 d5 3. Nc3 dxe4 4. Nxe4 Nf6 5. Nxf6+ exf6 {[%clk 1:31:31]} 6. c3
{[%clk 1:31:22]} Bd6 {[%clk 1:31:43]} 7. Bd3 {[%clk 1:31:28]} O-O
{[%clk 1:32:07]} 8. Ne2 {[%clk 1:31:23]} Re8 {[%clk 1:30:38]} 9. O-O
{[%clk 1:22:59]} f5 {[%clk 1:21:31]} 10. Bf4 {[%clk 1:19:17]} Na6
{[%clk 1:14:26]} 11. Qd2 {[%clk 0:54:24]} Nc7 {[%clk 1:09:42]} 12. Rfe1
{[%clk 0:54:44]} g6 {[%clk 1:07:01]} 13. Bxd6 {[%clk 0:40:36]} Qxd6
{[%clk 1:07:25]} 14. Qh6 {[%clk 0:40:58]} Qf8 {[%clk 0:58:26]} 15. Qg5
{[%clk 0:36:11]} Qe7 {[%clk 0:55:07]} 16. Qxe7 {[%clk 0:34:26]} Rxe7
{[%clk 0:55:34]} 17. Nf4 {[%clk 0:34:48]} Rxe1+ {[%clk 0:53:20]} 18. Rxe1
{[%clk 0:35:16]} Ne6 {[%clk 0:53:38]} 19. Ne2 {[%clk 0:31:34]} Bd7
{[%clk 0:52:17]} 20. Bc4 {[%clk 0:31:58]} Re8 {[%clk 0:51:32]} 21. Nc1
{[%clk 0:29:55]} Nc7 {[%clk 0:43:12]} 22. Rxe8+ {[%clk 0:28:13]} Nxe8
{[%clk 0:43:27]} 23. Nd3 {[%clk 0:16:13]} Nd6 {[%clk 0:43:52]} 24. Bb3
{[%clk 0:16:37]} Kf8 {[%clk 0:42:54]} 25. Nc5 {[%clk 0:15:06]} Bc8
{[%clk 0:42:26]} 26. Kf1 {[%clk 0:13:26]} b6 {[%clk 0:39:01]} 27. Nd3
{[%clk 0:13:55]} Ba6 {[%clk 0:38:47]} 28. Ke2 {[%clk 0:13:42]} c5
{[%clk 0:35:40]} 29. dxc5 {[%clk 0:13:32]} bxc5 {[%clk 0:35:49]} 30. Bd5
{[%clk 0:12:34]} Ke7 {[%clk 0:30:42]} 31. Ke3 {[%clk 0:08:32]} Bc4
{[%clk 0:18:15]} 32. Bxc4 {[%clk 0:05:15]} Nxc4+ {[%clk 0:18:41]} 33. Kf4
{[%clk 0:05:33]} f6 {[%clk 0:15:12]} 34. b3 {[%clk 0:04:09]} Nb6 {[%clk 0:15:24]}
35. Nxc5 {[%clk 0:04:21]} Nd5+ {[%clk 0:15:41]} 36. Kf3 {[%clk 0:04:29]} Nxc3
{[%clk 0:16:02]} 37. a4 {[%clk 0:04:08]} Kd6 {[%clk 0:15:45]} 38. Nd3
{[%clk 0:03:02]} Ne4 {[%clk 0:11:51]} 39. Ke3 {[%clk 0:02:17]} Kd5
{[%clk 0:10:57]} 40. Nf4+ {[%clk 0:16:01]} Ke5 {[%clk 0:25:53]} 41. f3
{[%clk 0:11:10]} Nd6 {[%clk 0:23:33]} 42. Ne2 {[%clk 0:09:27]} Kd5
{[%clk 0:22:37]} 43. Kd3 {[%clk 0:09:13]} a6 {[%clk 0:12:31]} 44. Kc3
{[%clk 0:07:28]} Nb7 {[%clk 0:09:46]} 45. Nf4+ {[%clk 0:07:28]} Ke5
{[%clk 0:07:02]} 46. Nd3+ {[%clk 0:07:49]} Kd6 {[%clk 0:07:20]} 47. Kd4
{[%clk 0:02:52]} a5 {[%clk 0:03:21]} 48. b4 {[%clk 0:01:13]} axb4
{[%clk 0:03:00]} 49. Kc4 {[%clk 0:01:42]} b3 {[%clk 0:02:14]} 50. Kxb3
{[%clk 0:02:11]} Kc6 {[%clk 0:01:35]} 51. Kc4 {[%clk 0:01:17]} Nd6+
{[%clk 0:00:57]} 52. Kd4 {[%clk 0:01:40]} Ne8 {[%clk 0:00:43]} 53. Nf4
{[%clk 0:01:14]} Nc7 {[%clk 0:00:48]} 54. Kc4 {[%clk 0:01:35]} g5
{[%clk 0:00:50]} 55. Ne2 {[%clk 0:01:38]} f4 {[%clk 0:00:45]} 56. Kd4
{[%clk 0:00:46]} Kd6 {[%clk 0:00:41]} 57. Ke4 {[%clk 0:00:41]} Nd5
{[%clk 0:00:39]} 58. a5 {[%clk 0:00:42]} Ne3 {[%clk 0:00:46]} 59. g3
{[%clk 0:00:57]} f5+ {[%clk 0:00:46]} 60. Kd3 {[%clk 0:00:49]} Nd5
{[%clk 0:00:38]} 61. gxf4 {[%clk 0:01:03]} gxf4 {[%clk 0:00:51]} 62. Nd4
{[%clk 0:01:19]} Ne3 {[%clk 0:00:55]} 63. a6 {[%clk 0:01:06]} Kc7
{[%clk 0:01:09]} 64. Nb5+ {[%clk 0:00:39]} Kb6 {[%clk 0:01:24]} 65. a7
{[%clk 0:01:03]} Kb7 {[%clk 0:01:49]} 66. Kd4 {[%clk 0:00:43]} Nf1
{[%clk 0:01:28]} 67. h3 {[%clk 0:00:37]} Nd2 {[%clk 0:01:43]} 68. Ke5
{[%clk 0:00:50]} Nxf3+ {[%clk 0:01:48]} 69. Kxf4 {[%clk 0:01:19]} Nh4
{[%clk 0:00:40]} 70. Kg5 {[%clk 0:01:48]} Ng2 {[%clk 0:00:33]} 71. Kxf5
{[%clk 0:01:19]} h5 {[%clk 0:00:39]} 72. Kg5 {[%clk 0:00:51]} h4 {[%clk 0:00:59]}
73. Kg4 {[%clk 0:00:42]} Ka8 {[%clk 0:01:21]} 74. Kg5 {[%clk 0:00:57]} Kb7 75.
Kg4 Ka8 {[%clk 0:02:00]} 76. Nd4 {[%clk 0:00:50]} Kxa7 {[%clk 0:02:07]} 77. Nf5
{[%clk 0:00:55]} Kb7 {[%clk 0:02:11]} 78. Nxh4 {[%clk 0:01:24]} Ne3+
{[%clk 0:01:56]} 79. Kf4 {[%clk 0:01:19]} Nd5+ {[%clk 0:02:08]} 80. Ke5
{[%clk 0:01:32]} Kc6 {[%clk 0:02:12]} 81. Nf5 {[%clk 0:01:50]} Nc3
{[%clk 0:01:43]} 82. h4 {[%clk 0:02:11]} Kd7 {[%clk 0:02:07]} 83. h5
{[%clk 0:02:34]} Nd1 {[%clk 0:00:32]} 84. h6 {[%clk 0:02:53]} Nf2
{[%clk 0:00:46]} 85. h7 {[%clk 0:03:12]} 1-0

[Event "International Tournament"]
[Site "Thivon"]
[Date "2016.08.31"]
[Round "7.12"]
[White "Papadopoulos, Nikolaos"]
[Black "Stefanidi, Maria-Anna"]
[Result "1-0"]
[BlackElo "2082"]
[WhiteElo "2234"]
[LiveChessVersion "1.4.8"]

1. d4 {[%clk 1:27:42]} f5 {[%clk 1:16:27]} 2. c4 {[%clk 1:27:08]} Nf6
{[%clk 1:16:50]} 3. Nf3 {[%clk 1:27:28]} g6 {[%clk 1:16:49]} 4. g3
{[%clk 1:25:22]} Bg7 {[%clk 1:17:12]} 5. Bg2 {[%clk 1:25:43]} e6 {[%clk 1:17:16]}
6. Nc3 {[%clk 1:25:45]} d6 {[%clk 1:17:07]} 7. O-O {[%clk 1:25:41]} O-O
{[%clk 1:17:26]} 8. Qc2 {[%clk 1:19:40]} Nc6 {[%clk 1:17:06]} 9. Rd1
{[%clk 1:17:50]} Qe7 {[%clk 1:15:23]} 10. d5 {[%clk 1:03:22]} Ne5
{[%clk 1:08:42]} 11. Nxe5 {[%clk 0:58:02]} dxe5 {[%clk 1:08:57]} 12. Rb1
{[%clk 0:57:35]} e4 {[%clk 1:07:02]} 13. b4 {[%clk 0:53:49]} Rd8 {[%clk 1:02:44]}
14. f3 {[%clk 0:44:18]} exf3 {[%clk 0:54:05]} 15. exf3 {[%clk 0:43:38]} exd5
{[%clk 0:53:11]} 16. cxd5 {[%clk 0:43:46]} f4 {[%clk 0:49:17]} 17. Bxf4
{[%clk 0:38:23]} Bf5 {[%clk 0:49:27]} 18. Ne4 {[%clk 0:36:46]} Nxd5
{[%clk 0:48:08]} 19. Qb3 {[%clk 0:32:40]} Be6 {[%clk 0:40:31]} 20. Bg5
{[%clk 0:29:53]} Nf6 {[%clk 0:32:44]} 21. Qe3 {[%clk 0:25:20]} Qf7
{[%clk 0:28:56]} 22. a3 {[%clk 0:20:49]} Rxd1+ {[%clk 0:20:40]} 23. Rxd1
{[%clk 0:21:17]} Nd5 {[%clk 0:20:37]} 24. Qc1 {[%clk 0:18:07]} Re8
{[%clk 0:17:21]} 25. Bh6 {[%clk 0:14:05]} c6 {[%clk 0:14:38]} 26. Nd6
{[%clk 0:11:23]} Qf8 {[%clk 0:14:23]} 27. Bxg7 {[%clk 0:09:16]} Qxd6
{[%clk 0:12:37]} 28. Ba1 {[%clk 0:08:17]} Qe7 {[%clk 0:03:15]} 29. Qb2
{[%clk 0:07:35]} Kf8 {[%clk 0:03:37]} 30. Qd4 {[%clk 0:01:30]} b6
{[%clk 0:03:11]} 31. Re1 {[%clk 0:01:42]} Qf7 {[%clk 0:02:53]} 32. Qe5
{[%clk 0:01:23]} Bd7 {[%clk 0:01:52]} 33. Qd6+ {[%clk 0:01:37]} Kg8
{[%clk 0:02:08]} 34. Re4 {[%clk 0:01:02]} Bf5 {[%clk 0:00:49]} 35. Re5
{[%clk 0:00:58]} Rxe5 {[%clk 0:00:31]} 36. Qxe5 {[%clk 0:00:44]} Kf8
{[%clk 0:00:58]} 37. f4 {[%clk 0:00:38]} h5 {[%clk 0:00:52]} 38. b5
{[%clk 0:00:49]} Qe6 {[%clk 0:00:35]} 39. bxc6 {[%clk 0:00:37]} Qxe5
{[%clk 0:00:55]} 40. Bxe5 {[%clk 0:15:55]} Ne3 {[%clk 0:15:32]} 41. Bf3
{[%clk 0:11:21]} b5 {[%clk 0:14:05]} 42. Bd4 {[%clk 0:10:35]} 1-0

[Event "International Tournament"]
[Site "Thivon"]
[Date "2016.09.01"]
[Round "8.1"]
[White "Grigoriadis, Alexandros"]
[Black "Stathopoulos, Ioannis"]
[Result "0-1"]
[BlackElo "2343"]
[WhiteElo "2147"]
[LiveChessVersion "1.4.8"]

1. c4 {[%clk 1:28:22]} Nf6 {[%clk 1:30:45]} 2. b3 {[%clk 1:28:14]} g6
{[%clk 1:31:02]} 3. Bb2 {[%clk 1:28:40]} Bg7 {[%clk 1:31:28]} 4. Nf3
{[%clk 1:29:06]} O-O {[%clk 1:31:50]} 5. e3 {[%clk 1:28:25]} d6 {[%clk 1:31:29]}
6. d4 {[%clk 1:23:22]} e5 {[%clk 1:31:21]} 7. Be2 {[%clk 1:23:43]} Nc6
{[%clk 1:31:32]} 8. O-O {[%clk 1:23:21]} Re8 {[%clk 1:27:41]} 9. d5
{[%clk 1:16:19]} Ne7 {[%clk 1:28:03]} 10. Nc3 {[%clk 1:16:36]} Nf5
{[%clk 1:26:45]} 11. Re1 {[%clk 0:59:17]} e4 {[%clk 1:25:08]} 12. Nd2
{[%clk 0:57:47]} Nh6 {[%clk 1:24:35]} 13. h3 {[%clk 0:53:06]} Nf5
{[%clk 1:20:18]} 14. g3 {[%clk 0:45:23]} h5 {[%clk 1:16:57]} 15. Rb1
{[%clk 0:44:43]} Nh6 {[%clk 1:15:51]} 16. Bf1 {[%clk 0:41:13]} Bf5
{[%clk 1:16:08]} 17. Kh2 {[%clk 0:40:14]} h4 {[%clk 1:14:10]} 18. Nb5
{[%clk 0:28:01]} c5 {[%clk 1:09:45]} 19. dxc6 {[%clk 0:26:07]} bxc6
{[%clk 1:09:54]} 20. Bg2 0-1

[Event "International Tournament"]
[Site "Thivon"]
[Date "2016.09.01"]
[Round "8.2"]
[White "Nikolaidis, Ioannis"]
[Black "Hristodoulou, Panagiotis"]
[Result "1/2-1/2"]
[BlackElo "2283"]
[WhiteElo "2558"]
[LiveChessVersion "1.4.8"]

1. c4 {[%clk 1:29:42]} e6 {[%clk 1:30:50]} 2. Nf3 {[%clk 1:29:32]} d5
{[%clk 1:31:10]} 3. d4 {[%clk 1:29:20]} Nf6 {[%clk 1:31:30]} 4. Bg5
{[%clk 1:27:32]} dxc4 {[%clk 1:31:45]} 5. Qa4+ {[%clk 1:21:39]} Nbd7
{[%clk 1:32:04]} 6. e4 {[%clk 1:15:26]} c6 {[%clk 1:32:20]} 7. Qxc4
{[%clk 1:13:20]} Qb6 {[%clk 1:32:41]} 8. Nbd2 {[%clk 1:09:08]} e5
{[%clk 1:33:03]} 9. O-O-O {[%clk 1:02:58]} h6 {[%clk 1:13:21]} 10. Be3
{[%clk 0:47:21]} exd4 {[%clk 0:53:47]} 11. Bxd4 {[%clk 0:44:15]} Bc5
{[%clk 0:54:05]} 12. Qc3 {[%clk 0:35:02]} O-O {[%clk 0:46:52]} 13. h3
{[%clk 0:27:39]} 1/2-1/2

[Event "International Tournament"]
[Site "Thivon"]
[Date "2016.09.01"]
[Round "8.3"]
[White "Kofidis, Andreas"]
[Black "Kouskoutis, Georgios-Alexandro"]
[Result "0-1"]
[BlackElo "2241"]
[WhiteElo "2406"]
[LiveChessVersion "1.4.8"]

1. e4 {[%clk 1:30:57]} c5 {[%clk 1:30:54]} 2. Nf3 {[%clk 1:31:23]} g6
{[%clk 1:31:18]} 3. d4 {[%clk 1:30:04]} cxd4 {[%clk 1:31:41]} 4. Nxd4
{[%clk 1:30:30]} Bg7 {[%clk 1:32:04]} 5. Nc3 {[%clk 1:30:20]} Nc6
{[%clk 1:32:08]} 6. Be3 {[%clk 1:26:17]} Nf6 {[%clk 1:30:31]} 7. f3
{[%clk 1:23:10]} O-O {[%clk 1:27:41]} 8. Bc4 {[%clk 1:20:32]} d6 {[%clk 1:13:13]}
9. Qd2 {[%clk 1:20:46]} Bd7 {[%clk 1:13:09]} 10. O-O-O {[%clk 1:20:55]} Rc8
{[%clk 1:06:46]} 11. Bb3 {[%clk 1:21:11]} Nxd4 {[%clk 1:06:23]} 12. Bxd4
{[%clk 1:21:02]} b5 {[%clk 1:06:42]} 13. e5 {[%clk 0:51:59]} dxe5
{[%clk 1:00:31]} 14. Bxe5 {[%clk 0:51:53]} Bc6 {[%clk 0:57:11]} 15. Qe3
{[%clk 0:50:28]} Qa5 {[%clk 0:54:47]} 16. a3 {[%clk 0:45:57]} b4 {[%clk 0:46:08]}
17. axb4 {[%clk 0:46:04]} Qxb4 {[%clk 0:45:01]} 18. Kb1 {[%clk 0:43:16]} a5
{[%clk 0:42:39]} 19. Rd4 {[%clk 0:42:45]} Qb7 {[%clk 0:37:15]} 20. Re1
{[%clk 0:39:27]} Rfd8 {[%clk 0:25:44]} 21. h4 {[%clk 0:35:02]} Ra8
{[%clk 0:09:54]} 22. Rxd8+ {[%clk 0:28:43]} Rxd8 {[%clk 0:10:20]} 23. Qc5
{[%clk 0:28:51]} Rc8 {[%clk 0:04:40]} 24. Qd4 {[%clk 0:26:41]} Ra8
{[%clk 0:01:23]} 25. Na4 {[%clk 0:23:22]} Qb4 {[%clk 0:00:48]} 26. Qxb4
{[%clk 0:18:36]} axb4 {[%clk 0:01:14]} 27. Nc5 {[%clk 0:18:41]} Bb5
{[%clk 0:00:47]} 28. Ne4 {[%clk 0:15:58]} Ne8 {[%clk 0:00:43]} 29. Ng5
{[%clk 0:14:38]} e6 {[%clk 0:00:43]} 30. Bxg7 {[%clk 0:14:08]} Nxg7
{[%clk 0:01:01]} 31. Re4 {[%clk 0:13:57]} h6 {[%clk 0:00:56]} 32. Nh3
{[%clk 0:11:27]} Bf1 {[%clk 0:01:15]} 33. Nf4 {[%clk 0:11:12]} Rb8
{[%clk 0:01:12]} 34. g4 {[%clk 0:10:54]} Kf8 {[%clk 0:00:42]} 35. Bc4
{[%clk 0:08:30]} Bxc4 {[%clk 0:01:08]} 36. Rxc4 {[%clk 0:08:54]} Ne8
{[%clk 0:00:41]} 37. Rc6 {[%clk 0:03:36]} b3 {[%clk 0:00:38]} 38. Kc1
{[%clk 0:02:45]} bxc2 {[%clk 0:00:58]} 39. Kxc2 {[%clk 0:03:12]} Ke7
{[%clk 0:00:51]} 40. Nd3 {[%clk 0:17:28]} Rb5 {[%clk 0:16:16]} 41. b4
{[%clk 0:16:04]} Nf6 {[%clk 0:12:12]} 42. Rc7+ {[%clk 0:15:27]} Ke8
{[%clk 0:12:36]} 43. Kb3 {[%clk 0:15:14]} Rd5 {[%clk 0:09:30]} 44. Nc5
{[%clk 0:07:45]} Rd4 {[%clk 0:09:40]} 45. Rc8+ {[%clk 0:06:22]} Ke7
{[%clk 0:10:01]} 46. Rb8 {[%clk 0:06:06]} Rf4 {[%clk 0:06:43]} 47. Rb7+
{[%clk 0:06:00]} Ke8 {[%clk 0:06:42]} 48. g5 {[%clk 0:05:28]} hxg5
{[%clk 0:06:55]} 49. hxg5 {[%clk 0:05:51]} Rxf3+ {[%clk 0:07:10]} 50. Ka4
{[%clk 0:04:09]} Nd5 {[%clk 0:07:30]} 51. Ne4 {[%clk 0:04:07]} Kf8
{[%clk 0:06:24]} 52. Rb8+ {[%clk 0:02:43]} Kg7 {[%clk 0:06:31]} 53. Nd6
{[%clk 0:03:07]} Rg3 {[%clk 0:05:35]} 54. Ne8+ {[%clk 0:02:04]} Kh7
{[%clk 0:05:50]} 55. Rb7 {[%clk 0:01:51]} Nc3+ {[%clk 0:05:10]} 56. Ka5
{[%clk 0:01:26]} Rxg5+ {[%clk 0:05:32]} 57. b5 {[%clk 0:01:42]} Nxb5
{[%clk 0:01:43]} 58. Rxf7+ {[%clk 0:01:28]} Kg8 {[%clk 0:01:53]} 59. Re7
{[%clk 0:01:11]} Kf8 {[%clk 0:01:56]} 60. Ka4 0-1

[Event "International Tournament"]
[Site "Thivon"]
[Date "2016.09.01"]
[Round "8.4"]
[White "Drakoulakos, Grigorios"]
[Black "Pavlidis, Anastasios"]
[Result "1/2-1/2"]
[BlackElo "2377"]
[WhiteElo "2195"]
[LiveChessVersion "1.4.8"]

1. Nf3 {[%clk 1:30:56]} d6 {[%clk 1:30:47]} 2. d4 {[%clk 1:29:17]} f5
{[%clk 1:31:00]} 3. c4 {[%clk 1:24:39]} Nf6 {[%clk 1:31:18]} 4. Nc3
{[%clk 1:24:16]} g6 {[%clk 1:31:38]} 5. Qc2 {[%clk 1:21:58]} Bg7 {[%clk 1:29:22]}
6. g3 {[%clk 1:19:54]} O-O {[%clk 1:28:18]} 7. Bg2 {[%clk 1:20:10]} Re8
{[%clk 1:26:00]} 8. O-O {[%clk 1:20:07]} e5 {[%clk 1:17:21]} 9. dxe5
{[%clk 1:17:12]} dxe5 {[%clk 1:17:38]} 10. Rd1 {[%clk 1:15:09]} Qe7
{[%clk 1:16:53]} 11. e4 {[%clk 1:14:03]} c6 {[%clk 1:10:33]} 12. exf5
{[%clk 1:07:18]} Bxf5 {[%clk 1:08:46]} 13. Qe2 {[%clk 0:54:21]} Na6
{[%clk 1:07:34]} 14. Bg5 {[%clk 0:45:12]} Nc5 {[%clk 0:50:15]} 15. Nh4
{[%clk 0:34:14]} Ne6 {[%clk 0:42:03]} 16. Bxf6 {[%clk 0:32:56]} Qxf6
{[%clk 0:37:37]} 17. Ne4 {[%clk 0:32:49]} Bxe4 {[%clk 0:37:39]} 18. Bxe4
{[%clk 0:29:54]} Nd4 {[%clk 0:33:38]} 19. Qg4 {[%clk 0:26:07]} Rf8
{[%clk 0:30:12]} 20. Rf1 {[%clk 0:26:06]} Rad8 {[%clk 0:30:24]} 21. Rad1
{[%clk 0:25:04]} Rd6 {[%clk 0:26:49]} 22. b3 {[%clk 0:17:52]} Qd8
{[%clk 0:26:49]} 23. Rd3 {[%clk 0:14:53]} h5 {[%clk 0:18:12]} 24. Qd1
{[%clk 0:14:27]} Rf4 {[%clk 0:15:31]} 25. gxf4 {[%clk 0:11:51]} Qxh4
{[%clk 0:15:52]} 26. Bg2 {[%clk 0:08:28]} exf4 {[%clk 0:12:51]} 27. Re1
{[%clk 0:08:11]} Qd8 {[%clk 0:11:01]} 28. Kh1 {[%clk 0:08:15]} Qf6
{[%clk 0:11:16]} 29. c5 {[%clk 0:05:50]} Rd8 {[%clk 0:11:21]} 30. Re4
{[%clk 0:05:41]} Kh7 {[%clk 0:10:53]} 31. Re1 {[%clk 0:05:24]} Qh4
{[%clk 0:10:54]} 32. Kg1 {[%clk 0:05:01]} Qg5 {[%clk 0:11:09]} 33. Kh1
{[%clk 0:05:08]} Qxc5 {[%clk 0:07:39]} 34. Be4 {[%clk 0:05:13]} Rd6
{[%clk 0:07:22]} 35. Rg1 {[%clk 0:05:17]} Kh6 {[%clk 0:06:36]} 36. Qf1
{[%clk 0:04:08]} Qe5 {[%clk 0:06:15]} 37. Qg2 {[%clk 0:03:59]} g5
{[%clk 0:06:28]} 38. Rh3 {[%clk 0:03:57]} g4 {[%clk 0:04:33]} 39. Qxg4
{[%clk 0:03:55]} Qxe4+ {[%clk 0:04:52]} 40. f3 {[%clk 0:19:24]} Qxf3+
{[%clk 0:19:27]} 41. Qxf3 {[%clk 0:19:36]} Nxf3 {[%clk 0:19:51]} 42. Rxf3
{[%clk 0:20:03]} Be5 {[%clk 0:18:07]} 43. Re1 {[%clk 0:16:11]} Rd5
{[%clk 0:18:24]} 44. Rh3 {[%clk 0:16:06]} Bd6 {[%clk 0:15:08]} 45. Kg2
{[%clk 0:15:00]} Kg5 {[%clk 0:12:39]} 46. Re8 {[%clk 0:13:34]} Rd2+
{[%clk 0:11:53]} 47. Kf3 {[%clk 0:13:09]} Rd3+ {[%clk 0:08:37]} 48. Kg2
{[%clk 0:13:31]} Rd2+ {[%clk 0:04:00]} 49. Kf3 {[%clk 0:13:47]} Rd3+
{[%clk 0:03:33]} 50. Ke4 1/2-1/2

[Event "International Tournament"]
[Site "Thivon"]
[Date "2016.09.01"]
[Round "8.5"]
[White "Kourkoulos-Arditis, Stamatis"]
[Black "Sandalakis, Nikolaos"]
[Result "1/2-1/2"]
[BlackElo "2099"]
[WhiteElo "2369"]
[LiveChessVersion "1.4.8"]

1. c4 {[%clk 1:30:57]} e5 {[%clk 1:30:51]} 2. g3 {[%clk 1:31:22]} Nc6
{[%clk 1:31:15]} 3. Bg2 {[%clk 1:31:48]} d6 {[%clk 1:31:01]} 4. Nc3
{[%clk 1:31:21]} g6 {[%clk 1:24:59]} 5. d3 {[%clk 1:31:32]} Bg7 {[%clk 1:24:48]}
6. Nf3 {[%clk 1:28:02]} Nge7 {[%clk 1:23:26]} 7. h4 {[%clk 1:25:19]} h6
{[%clk 1:20:31]} 8. Bd2 {[%clk 1:22:57]} O-O {[%clk 1:17:57]} 9. Qc1
{[%clk 1:22:10]} Kh7 {[%clk 1:17:22]} 10. b4 {[%clk 1:21:21]} Nd4
{[%clk 1:08:23]} 11. Nxd4 {[%clk 1:18:26]} exd4 {[%clk 1:08:49]} 12. Nd5
{[%clk 0:56:43]} Nxd5 {[%clk 1:06:58]} 13. Bxd5 {[%clk 0:53:37]} Qe7
{[%clk 1:04:49]} 14. Bf3 {[%clk 0:50:08]} c6 {[%clk 0:54:30]} 15. O-O
{[%clk 0:49:33]} Be6 {[%clk 0:54:31]} 16. Rb1 {[%clk 0:49:33]} d5
{[%clk 0:50:44]} 17. c5 {[%clk 0:39:43]} Qd7 {[%clk 0:47:02]} 18. Bf4
{[%clk 0:35:07]} Rfe8 {[%clk 0:43:18]} 19. Bd6 {[%clk 0:31:06]} h5
{[%clk 0:37:10]} 20. a4 {[%clk 0:28:02]} Bg4 {[%clk 0:26:13]} 21. b5
{[%clk 0:26:49]} Rxe2 {[%clk 0:22:32]} 22. bxc6 {[%clk 0:23:00]} bxc6
{[%clk 0:22:50]} 23. Bxe2 {[%clk 0:19:58]} Bxe2 {[%clk 0:23:16]} 24. Re1
{[%clk 0:20:20]} Bh6 {[%clk 0:23:30]} 25. Qb2 {[%clk 0:17:52]} Bxd3
{[%clk 0:22:10]} 26. Rbd1 {[%clk 0:16:37]} Be4 {[%clk 0:22:07]} 27. Qxd4
{[%clk 0:15:34]} Qf5 {[%clk 0:16:54]} 28. Qe5 {[%clk 0:10:36]} Qf3
{[%clk 0:16:38]} 29. Rxe4 {[%clk 0:11:01]} Qxe4 {[%clk 0:09:49]} 30. Qxe4
{[%clk 0:10:37]} dxe4 {[%clk 0:10:12]} 31. Re1 {[%clk 0:10:04]} Re8
{[%clk 0:08:54]} 32. Rb1 {[%clk 0:10:30]} e3 {[%clk 0:06:21]} 33. fxe3
{[%clk 0:10:56]} Re4 {[%clk 0:06:35]} 34. Rb7 {[%clk 0:11:04]} Bxe3+
{[%clk 0:06:52]} 35. Kg2 {[%clk 0:11:15]} Rxa4 {[%clk 0:05:41]} 36. Rxf7+
{[%clk 0:11:26]} Kg8 {[%clk 0:05:58]} 37. Rc7 {[%clk 0:10:49]} g5
{[%clk 0:03:27]} 38. hxg5 {[%clk 0:09:48]} Bxg5 {[%clk 0:03:25]} 39. Rxc6
{[%clk 0:10:13]} Kf7 {[%clk 0:03:01]} 40. Rc8 {[%clk 0:21:46]} Ke6
{[%clk 0:16:41]} 41. Re8+ {[%clk 0:20:43]} Kd7 {[%clk 0:15:32]} 42. Rg8
{[%clk 0:19:55]} Bf6 {[%clk 0:13:50]} 43. Rf8 {[%clk 0:17:49]} Bd4
{[%clk 0:08:19]} 44. Rf5 {[%clk 0:16:36]} Kc6 {[%clk 0:06:22]} 45. Rxh5
{[%clk 0:15:27]} Rc4 {[%clk 0:06:24]} 46. Rh7 {[%clk 0:15:00]} Bxc5
{[%clk 0:06:40]} 47. Bxc5 {[%clk 0:15:27]} Rxc5 {[%clk 0:06:34]} 48. Rxa7
{[%clk 0:15:52]} Kd6 {[%clk 0:06:57]} 49. Rf7 {[%clk 0:16:06]} Ke6
{[%clk 0:06:51]} 50. Rf4 {[%clk 0:16:30]} Rf5 {[%clk 0:06:26]} 51. Kf3
{[%clk 0:16:42]} Ke5 {[%clk 0:05:34]} 52. Kg4 {[%clk 0:17:07]} 1/2-1/2